Large scale computor architecture : parallel and associative procossors /
Gespeichert in:
| 1. Verfasser: | |
|---|---|
| Format: | Buch |
| Sprache: | Tschechisch |
| Veröffentlicht: |
New York :
Hayden book,
1976
|
| Schriftenreihe: | rz1
|
| Online-Zugang: |
|
| Tags: |
Tag hinzufügen
Keine Tags, Fügen Sie den ersten Tag hinzu!
|
MARC
| LEADER | 00000cam a2200000 4500 | ||
|---|---|---|---|
| 003 | SK-BrCVT | ||
| 005 | 20220618085731.0 | ||
| 008 | 091030s1976 cs e ||||||cze d | ||
| 035 | |a CVTIDWR034487 | ||
| 040 | |a |b slo |c |d | ||
| 041 | 0 | |a cze | |
| 044 | |a cs | ||
| 100 | |a Thurber, Kenneth J. |4 aut | ||
| 245 | 1 | 0 | |a Large scale computor architecture : |b parallel and associative procossors / |c Kenneth J. Thurber |
| 260 | 3 | |a New York : |b Hayden book, |c 1976 | |
| 300 | |a 324 s. | ||
| 830 | |a rz1 | ||
| 974 | |f Knihy | ||
| 999 | |c 210687 |d 210687 | ||